Kus Slovenska za štyri dni

Podrobná bibliografia
Hlavný autor: Gnipová, Marta (Author)
Ďalší autori: Gnip, Slavomír (Photographer)
Médium: Článok
Jazyk:Slovak
Témy:
Zdroj: 1. Krásy Slovenska 1. 0323-0643 1. Roč. 82, č. 9-10 (2005), s. 28-30
LEADER 00722nab#a2200289#ar4500
001 000058613
003 SVKKK
005 20060313101042.0
008 060313c2005 xo e slo
FMT
038 |a SVKKK 
040 |a SVKKK  |b slo  |e AACR2 
041 0 |a slo 
044 |a xo  |c SK 
080 |a 796.57  |2 1997 
100 1 |a Gnipová, Marta  |4 aut 
245 1 0 |a Kus Slovenska za štyri dni  |c Mária Gnipová ; Slavomír Gnip 
300 |b Fotogr. 
650 0 4 |a cykloturistika  |x trasy  |z Severné Slovensko 
700 1 |a Gnip, Slavomír  |4 pht 
773 0 |t Krásy Slovenska  |x 0323-0643  |g Roč. 82, č. 9-10 (2005), s. 28-30 
974 |a MI 
992 |a RBX 
BAS
852 |a SVKKK  |b BIB 
EXP
998 |a SLO